ბათუმის შოთა რუსთაველის სახელმწიფო უნივერსიტეტის ბიბლიოთეკა

სევასტოპოლის მოთხრობები (ბიბ.ჩანაწერი № 50287)

000 -LEADER
fixed length control field 00757nam a2200217Ia 4500
001 - CONTROL NUMBER
control field 17226
003 - CONTROL NUMBER IDENTIFIER
control field GE_BSU
008 - FIXED-LENGTH DATA ELEMENTS--GENERAL INFORMATION
fixed length control field 181216s||||||||xx |||||||||||||| ||und||
040 ## - CATALOGING SOURCE
Transcribing agency GE_BSU
080 ## - UNIVERSAL DECIMAL CLASSIFICATION NUMBER
Universal Decimal Classification number 821.161.1-32
100 ## - MAIN ENTRY--PERSONAL NAME
Personal name ტოლსტოი, ლ. (1828-1910)
245 ## - TITLE STATEMENT
Title სევასტოპოლის მოთხრობები
245 ## - TITLE STATEMENT
Remainder of title რომანი
245 ## - TITLE STATEMENT
Statement of responsibility, etc. თარგმ. იროდიონ ქავჟარაძისა. რედ. გ.ქიქოძე
260 ## - PUBLICATION, DISTRIBUTION, ETC.
Place of publication, distribution, etc. თბილისი
260 ## - PUBLICATION, DISTRIBUTION, ETC.
Name of publisher, distributor, etc. საბჭოთა მწერალი
260 ## - PUBLICATION, DISTRIBUTION, ETC.
Date of publication, distribution, etc. 1946
300 ## - PHYSICAL DESCRIPTION
Extent 131გვ. ; 20სმ.
653 ## - INDEX TERM--UNCONTROLLED
Uncontrolled term სევასტოპოლის მოთხრობები
942 ## - ADDED ENTRY ELEMENTS (KOHA)
Koha item type წიგნი
ეგზემპლარები
Withdrawn status Lost status Damaged status Not for loan Date acquired Barcode Date last seen Price effective from Koha item type
        2018-12-17 21971 2018-12-17 2018-12-17 წიგნი